[Event "PRO League Atlantic 2017"]
[Site "chess.com INT"]
[Date "2017.01.18"]
[Round "2"]
[White "Wang, Jason"]
[Black "Carter, Emmanuel"]
[Result "0-1"]
[WhiteElo "2006"]
[BlackElo "2052"]
[WhiteTeam "Columbus Cardinals"]
[BlackTeam "Carolina Cobras"]
[WhiteFideId "30908124"]
[BlackFideId "30908167"]
[EventDate "2017.01.11"]

1. d4 Nf6 2. c4 e6 3. Nc3 c5 4. d5 exd5 5. cxd5 Bd6 6. Nf3 O-O 7. e3 h6 8. Be2
Na6 9. Bxa6 bxa6 10. O-O Bb7 11. b3 Re8 12. Qd3 a5 13. Bb2 Qe7 14. Rfe1 Ne4 15.
Nd2 Bxh2+ 16. Kf1 Nxd2+ 17. Qxd2 Qf6 18. Ne2 Qf5 19. Nc3 Ba6+ 20. Ne2 Bg3 21. f3
Qh5 0-1

[Event "PRO League Atlantic 2017"]
[Site "chess.com INT"]
[Date "2017.01.18"]
[Round "2"]
[White "Cunningham, Robin"]
[Black "Feng, Maggie"]
[Result "1/2-1/2"]
[WhiteTitle "FM"]
[BlackTitle "WCM"]
[WhiteElo "2263"]
[BlackElo "2164"]
[WhiteTeam "Carolina Cobras"]
[BlackTeam "Columbus Cardinals"]
[WhiteFideId "2005093"]
[BlackFideId "2078090"]
[EventDate "2017.01.11"]

1. e4 e6 2. d4 d5 3. Nd2 Be7 4. Ngf3 Nf6 5. Bd3 c5 6. c3 cxd4 7. cxd4 dxe4 8.
Nxe4 Nxe4 9. Bxe4 Bb4+ 10. Bd2 Bxd2+ 11. Qxd2 Nd7 12. Ne5 Nf6 13. Bf3 O-O 14.
O-O Qb6 15. Rfd1 Rd8 16. Rac1 Nd5 17. Rc5 f6 18. Nc4 Qa6 19. b3 b6 20. Rc6 Qb7
21. Rd6 Rxd6 22. Nxd6 Qd7 23. Bxd5 exd5 24. Nxc8 Rxc8 25. Rc1 1/2-1/2

[Event "PRO League Atlantic 2017"]
[Site "chess.com INT"]
[Date "2017.01.18"]
[Round "2"]
[White "Cunningham, Robin"]
[Black "Wang, Jason"]
[Result "1/2-1/2"]
[WhiteTitle "FM"]
[WhiteElo "2263"]
[BlackElo "2006"]
[WhiteTeam "Carolina Cobras"]
[BlackTeam "Columbus Cardinals"]
[WhiteFideId "2005093"]
[BlackFideId "30908124"]
[EventDate "2017.01.11"]

1. c4 e5 2. g3 Nc6 3. Bg2 Bc5 4. e3 d6 5. Ne2 a6 6. d4 exd4 7. exd4 Ba7 8. O-O
Nge7 9. Nbc3 O-O 10. Bf4 Bg4 11. h3 Bh5 12. Qd2 Qd7 13. Rfe1 Bg6 14. b3 Rfe8 15.
Rad1 Rab8 16. Be3 Nf5 17. g4 Nxe3 18. fxe3 h6 19. Nf4 Bh7 20. Nh5 Bg6 21. Nf4
Bh7 22. Nh5 Bg6 23. Nf4 Bh7 1/2-1/2

[Event "PRO League Atlantic 2017"]
[Site "chess.com INT"]
[Date "2017.01.18"]
[Round "2"]
[White "Iglesias, Jorge"]
[Black "Sanhueza, Cristian"]
[Result "1-0"]
[WhiteElo "2283"]
[BlackElo "2257"]
[WhiteTeam "Patagonia Penguins"]
[BlackTeam "Buenos Aires Krakens"]
[WhiteFideId "106461"]
[BlackFideId "116815"]
[EventDate "2017.01.11"]

1. e4 e5 2. Nf3 Nc6 3. Bb5 a6 4. Ba4 Nf6 5. d3 b5 6. Bb3 Be7 7. a3 O-O 8. O-O h6
9. Nc3 d6 10. Ne2 Be6 11. Bxe6 fxe6 12. Ng3 Qe8 13. d4 exd4 14. Nxd4 Nxd4 15.
Qxd4 Nd7 16. Qd1 Nc5 17. Qg4 Rf6 18. Be3 Rg6 19. Qe2 Qc6 20. f3 Bf6 21. c3 Bh4
22. Bf2 Rf8 23. b4 Na4 24. Rac1 Nb6 25. Qd3 Nc4 26. Rfe1 Bxg3 27. Bxg3 e5 28.
Ra1 Nb6 29. Rac1 Kh7 30. Bf2 Nc4 31. Bg3 Nxa3 32. Rf1 Nc4 33. Kh1 Kh8 34. Rf2
Nb6 35. Ra2 Nc4 36. Rca1 Ra8 37. Bh4 Re6 38. Qd5 Qxd5 39. exd5 Ree8 40. Re2 g5
41. Bf2 a5 42. bxa5 Rxa5 43. Rxa5 Nxa5 44. Ra2 Nc4 45. Ra7 Nb6 46. Rxc7 Nxd5 47.
Rc6 Ra8 48. g3 Ra2 49. Kg1 Rc2 50. Rxd6 Nxc3 51. Rxh6+ Kg7 52. Rb6 Rb2 53. Kf1
b4 54. h4 gxh4 55. gxh4 b3 56. Bg3 Rb1+ 57. Kg2 Nd5 58. Bxe5+ Kh7 59. Rb5 Ne3+
60. Kg3 Kg6 61. Kf4 Nc4 62. Bc3 Rh1 63. Rxb3 Rxh4+ 64. Kg3 Rh1 65. Rb4 Ne3 66.
Rb6+ Kf5 67. Rf6+ Kg5 68. f4+ Kh5 69. Kf3 Nd5 70. Rf5+ Kg6 71. Rg5+ Kf7 72. Be5
Rd1 73. Ke4 Ne7 74. Rg7+ Kf8 75. Rg5 Re1+ 76. Kf3 Kf7 77. Bc3 Rc1 78. Bb4 Rf1+
79. Ke4 Rb1 80. Bc5 Re1+ 81. Kf3 Rf1+ 82. Ke4 Re1+ 83. Be3 Kf6 84. Rb5 Re2 85.
Kf3 Ra2 86. Bd4+ Kf7 87. f5 Ra4 88. Ke4 Ra2 89. Rb7 Ke8 90. f6 Nc6 91. f7+ Kf8
92. Bc5+ 1-0

[Event "PRO League Atlantic 2017"]
[Site "chess.com INT"]
[Date "2017.01.18"]
[Round "2"]
[White "Iglesias, Jorge"]
[Black "Perez Ponsa, Federico"]
[Result "1/2-1/2"]
[BlackTitle "GM"]
[WhiteElo "2283"]
[BlackElo "2583"]
[WhiteTeam "Patagonia Penguins"]
[BlackTeam "Buenos Aires Krakens"]
[WhiteFideId "106461"]
[BlackFideId "117927"]
[EventDate "2017.01.11"]

1. c4 e5 2. Nc3 Bb4 3. Qc2 c6 4. a3 Ba5 5. b4 Bc7 6. Nf3 Nf6 7. d3 h6 8. e4 O-O
9. Be2 d6 10. h3 Re8 11. O-O Nbd7 12. Re1 Nf8 13. Bf1 Ng6 14. d4 Nh5 15. dxe5
dxe5 16. Nh2 Nhf4 17. Kh1 Ne6 18. Be3 Nd4 19. Qb2 a5 20. Rad1 Qf6 21. Ne2 Nxe2
22. Bxe2 axb4 23. axb4 Nf4 24. Bf1 Be6 25. Ra1 Rad8 26. Red1 Qg6 27. Bxf4 exf4
28. f3 Qg5 29. Qc2 Be5 30. Rxd8 Rxd8 31. Rd1 h5 32. Be2 Qe7 33. c5 g6 34. Nf1
Kg7 35. Nd2 Ra8 36. Bc4 Bc8 37. Bf1 Qf6 38. Nc4 Be6 39. Nxe5 Qxe5 40. Bc4 Ra3
41. Bxe6 fxe6 42. Qd2 Ra1 43. Qd7+ Kh6 44. Rxa1 Qxa1+ 45. Kh2 Qe1 46. Qxe6 Qg3+
47. Kg1 Qe1+ 48. Kh2 Qg3+ 49. Kg1 Qe1+ 50. Kh2 1/2-1/2

[Event "PRO League Atlantic 2017"]
[Site "chess.com INT"]
[Date "2017.01.18"]
[Round "2"]
[White "Pichot, Alan"]
[Black "Leskovar, Matias"]
[Result "0-1"]
[WhiteTitle "GM"]
[BlackTitle "FM"]
[WhiteElo "2548"]
[BlackElo "2306"]
[WhiteTeam "Buenos Aires Krakens"]
[BlackTeam "Patagonia Penguins"]
[WhiteFideId "110973"]
[BlackFideId "106844"]
[EventDate "2017.01.11"]

1. e4 e5 2. Nf3 Nc6 3. Bb5 Nge7 4. Nc3 a6 5. Ba4 g6 6. h4 h5 7. d3 Bg7 8. Bg5 f6
9. Be3 d6 10. Bb3 Bg4 11. Qd2 Na5 12. Nh2 Nxb3 13. axb3 Be6 14. d4 exd4 15. Bxd4
Nc6 16. Be3 Qd7 17. Nf3 Qf7 18. Nd4 Nxd4 19. Bxd4 Bh6 20. Be3 Bg7 21. O-O-O O-O
22. Bh6 f5 23. Bxg7 Qxg7 24. f3 Rae8 25. Rhe1 f4 26. Qd4 Qe5 27. Nd5 Qxd4 28.
Rxd4 Rf7 29. Kd2 Bxd5 30. Rxd5 Re5 31. c4 Rd7 32. Rd1 c6 33. Rd3 Kf7 34. Ke2 Ke6
35. Kf2 g5 36. hxg5 Rxg5 37. b4 Rdg7 38. Rg1 h4 39. Rdd1 b5 40. b3 a5 41. c5
dxc5 42. bxa5 c4 43. bxc4 b4 44. a6 b3 45. Rb1 h3 46. a7 Rxg2+ 47. Rxg2 Rxg2+
48. Kf1 Ra2 49. Kg1 Rxa7 50. Kh2 Rb7 51. Kxh3 Ke5 52. Kg4 b2 53. Kg5 Rg7+ 54.
Kh6 Rg2 55. Kh5 Kd4 56. Kh4 Kc3 57. Kh3 Rg3+ 0-1

[Event "PRO League Atlantic 2017"]
[Site "chess.com INT"]
[Date "2017.01.18"]
[Round "2"]
[White "Pichot, Alan"]
[Black "Iglesias, Jorge"]
[Result "1-0"]
[WhiteTitle "GM"]
[WhiteElo "2548"]
[BlackElo "2283"]
[WhiteTeam "Buenos Aires Krakens"]
[BlackTeam "Patagonia Penguins"]
[WhiteFideId "110973"]
[BlackFideId "106461"]
[EventDate "2017.01.11"]

1. e4 e5 2. Nf3 Nc6 3. Bb5 a6 4. Ba4 Nf6 5. d3 b5 6. Bb3 Be7 7. O-O d6 8. a3 O-O
9. Nc3 Nd4 10. Nxd4 exd4 11. Ne2 c5 12. Bg5 Be6 13. Bxe6 fxe6 14. c3 dxc3 15.
bxc3 Qd7 16. Ng3 h6 17. Be3 Rf7 18. d4 Qc6 19. Qd3 Raf8 20. f3 Nh7 21. Ra2 Bg5
22. Bf2 Bh4 23. a4 cxd4 24. cxd4 Rc8 25. axb5 axb5 26. Rb2 Qc4 27. Qb3 Rb7 28.
Rfb1 Nf8 29. Qxc4 Rxc4 30. Rxb5 Rxb5 31. Rxb5 Ng6 32. Be3 Rc2 33. Rb8+ Kh7 34.
Nf1 Bg5 35. Bxg5 hxg5 36. g3 g4 37. Ne3 Rc1+ 38. Kf2 gxf3 39. Kxf3 Ne7 40. d5
exd5 41. exd5 Ng6 42. Rb6 Ne5+ 43. Kf4 Re1 44. Rxd6 Ng6+ 45. Ke4 Re2 46. h4 Ne7
47. Rd7 Ng8 48. Kf3 Rd2 49. Nf5 Nf6 50. Rxg7+ Kh8 51. Rf7 Nxd5 52. Rd7 1-0

[Event "PRO League Atlantic 2017"]
[Site "chess.com INT"]
[Date "2017.01.18"]
[Round "2"]
[White "Balakrishnan, Praveen"]
[Black "Arnold, Marc T"]
[Result "1-0"]
[WhiteTitle "FM"]
[BlackTitle "GM"]
[WhiteElo "2465"]
[BlackElo "2524"]
[WhiteTeam "New Jersey Knockouts"]
[BlackTeam "Montclair Sopranos"]
[WhiteFideId "2064871"]
[BlackFideId "2022320"]
[EventDate "2017.01.11"]

1. e4 c5 2. Nf3 Nc6 3. Nc3 e6 4. d4 cxd4 5. Nxd4 d6 6. Be3 Nf6 7. Be2 Bd7 8. O-O
Be7 9. f4 Nxd4 10. Bxd4 Bc6 11. Bf3 O-O 12. Qe1 Nd7 13. Rd1 Qc7 14. Kh1 e5 15.
fxe5 Nxe5 16. Qg3 Rfe8 17. Bh5 g6 18. Be2 Bf8 19. Bxe5 dxe5 20. Bc4 Re7 21. Nd5
Bxd5 22. Bxd5 Rd8 23. Qb3 Kg7 24. Rd3 Rd6 25. Rdf3 f6 26. g4 Red7 27. a4 Be7 28.
g5 Rb6 29. gxf6+ Rxf6 30. Rxf6 Bxf6 31. Qb5 a6 32. Qe2 Rd8 33. Qg4 Qe7 34. c4 b6
35. h4 1-0

[Event "PRO League Atlantic 2017"]
[Site "chess.com INT"]
[Date "2017.01.18"]
[Round "2"]
[White "Hess, Robert L"]
[Black "Benjamin, Joel"]
[Result "0-1"]
[WhiteTitle "GM"]
[BlackTitle "GM"]
[WhiteElo "2571"]
[BlackElo "2544"]
[WhiteTeam "Montclair Sopranos"]
[BlackTeam "New Jersey Knockouts"]
[WhiteFideId "2022036"]
[BlackFideId "2000091"]
[EventDate "2017.01.11"]

1. d4 Nf6 2. c4 e6 3. Nc3 Bb4 4. Qc2 O-O 5. a3 Bxc3+ 6. Qxc3 d5 7. Bf4 c5 8.
dxc5 Nc6 9. O-O-O Ne4 10. Qe3 Qa5 11. Nf3 Rd8 12. Ne5 Ne7 13. g4 f6 14. Nd3 dxc4
15. Qxe4 cxd3 16. Bd6 Nd5 17. Qxd3 b6 18. e4 bxc5 19. Bg3 c4 20. Qf3 Bb7 21.
exd5 Rxd5 22. Qe3 Rxd1+ 23. Kxd1 Bxh1 24. Bxc4 Bd5 25. Bd3 Rd8 26. Ke2 Qa4 27.
b4 Qb3 28. g5 Bc4 29. Bxc4 Qxc4+ 30. Ke1 Rd3 31. Qxa7 Qe4+ 0-1

[Event "PRO League Atlantic 2017"]
[Site "chess.com INT"]
[Date "2017.01.18"]
[Round "2"]
[White "Hess, Robert L"]
[Black "Balakrishnan, Praveen"]
[Result "0-1"]
[WhiteTitle "GM"]
[BlackTitle "FM"]
[WhiteElo "2571"]
[BlackElo "2465"]
[WhiteTeam "Montclair Sopranos"]
[BlackTeam "New Jersey Knockouts"]
[WhiteFideId "2022036"]
[BlackFideId "2064871"]
[EventDate "2017.01.11"]

1. c4 c5 2. Nf3 Nc6 3. g3 g6 4. Bg2 Bg7 5. O-O e6 6. Nc3 Nge7 7. d3 d5 8. cxd5
exd5 9. Bf4 O-O 10. Rc1 b6 11. Qd2 Bb7 12. Bh6 Bxh6 13. Qxh6 Nf5 14. Qd2 Re8 15.
Rfe1 d4 16. Ne4 Nd6 17. Nxd6 Qxd6 18. Qh6 Qf8 19. Qxf8+ Kxf8 20. Ng5 f6 21. Ne4
Re6 22. Bh3 f5 23. Ng5 Re7 24. Bg2 Nb4 25. a3 Nd5 26. Rc2 Rae8 27. Kf1 h6 28.
Nh3 g5 29. Rec1 a5 30. Rb1 Nf6 31. Bxb7 Rxb7 32. b4 cxb4 33. axb4 a4 34. Ng1 g4
35. Rc4 Rd8 36. b5 Ra7 37. Ra1 a3 38. Rc6 Nd5 39. Rxh6 Kg7 40. Rc6 Nc3 41. Rxb6
a2 42. Ra6 Rxa6 43. bxa6 Ra8 44. e3 Rxa6 45. Ne2 Nxe2 46. Kxe2 dxe3 47. Kxe3 Kf6
48. Kd4 Ke6 49. Kc4 Ke5 50. Re1+ Kd6 51. Ra1 Ra8 52. Kd4 Ra4+ 53. Kc3 Kd5 54.
Kb3 Ra8 55. Kc3 Ra7 56. Kb3 Kd4 57. Rxa2 Rxa2 58. Kxa2 Kxd3 59. Kb3 Ke2 60. Kc4
Kxf2 61. Kd4 Kg2 62. Ke5 Kxh2 63. Kxf5 Kxg3 0-1

[Event "PRO League Atlantic 2017"]
[Site "chess.com INT"]
[Date "2017.01.18"]
[Round "2"]
[White "Francisco, Richard"]
[Black "Bartell, Thomas"]
[Result "1-0"]
[BlackTitle "IM"]
[WhiteElo "2273"]
[BlackElo "2345"]
[WhiteTeam "Atlanta Kings"]
[BlackTeam "Philadelphia Inventors"]
[WhiteFideId "2021188"]
[BlackFideId "2017849"]
[EventDate "2017.01.11"]

1. e4 c6 2. d4 d5 3. e5 Bf5 4. h4 h6 5. g4 Bd7 6. Nc3 e6 7. Be3 Qb6 8. Na4 Qc7
9. f4 h5 10. gxh5 b6 11. Nc3 Nh6 12. Bh3 c5 13. Nf3 Nc6 14. Qd2 O-O-O 15. Rg1
cxd4 16. Nxd4 Na5 17. Ncb5 Bxb5 18. Nxb5 Qd7 19. Nd4 Nc4 20. Qc3 Kb7 21. O-O-O
Rc8 22. Qb3 Rc5 23. Bf2 Qe8 24. Rg3 Be7 25. Rxg7 Rg8 26. Rdg1 Rxg7 27. Rxg7 Qh8
28. Qg3 Bxh4 29. Rxf7+ Nxf7 30. Qxh4 Qh7 31. Bxe6 Nh6 32. Qh1 Qe4 33. Qxe4 dxe4
34. Nf5 e3 35. Nxe3 Nxe3 36. Bxe3 Rc7 37. f5 Ng4 38. Bf4 Rh7 39. Bd5+ Kc8 40.
Bf3 Nh6 41. f6 Kd7 42. Bd5 Ng4 43. e6+ Ke8 44. Bc6+ 1-0

[Event "PRO League Atlantic 2017"]
[Site "chess.com INT"]
[Date "2017.01.18"]
[Round "2"]
[White "Francisco, Richard"]
[Black "Vovk, Andriy"]
[Result "0-1"]
[BlackTitle "GM"]
[WhiteElo "2273"]
[BlackElo "2633"]
[WhiteTeam "Atlanta Kings"]
[BlackTeam "Philadelphia Inventors"]
[WhiteFideId "2021188"]
[BlackFideId "14114470"]
[EventDate "2017.01.11"]

1. e4 c5 2. Nf3 e6 3. d4 cxd4 4. Nxd4 Nc6 5. Nc3 Qc7 6. Be3 a6 7. Qf3 Ne5 8. Qg3
h5 9. h4 Nf6 10. O-O-O b5 11. Bf4 d6 12. a3 Bb7 13. f3 g6 14. Bxb5+ axb5 15.
Ndxb5 Qc5 16. Rxd6 Nc4 17. Nc7+ Qxc7 18. Rxe6+ Qe7 19. Rxe7+ Bxe7 20. Rd1 Rd8
21. Rxd8+ Bxd8 22. b3 Nb6 23. Bd6 Kd7 24. Bc5 Nc8 25. Qe5 Re8 26. Qd4+ Kc7 27.
Nb5+ Kc6 28. Qc4 Nb6 29. Nd4+ Kc7 30. Qxf7+ Nbd7 31. Ne6+ Rxe6 32. Qxe6 Nxc5 33.
Qc4 Nd7 34. b4 Ba6 35. Qf7 Na4 36. Qxg6 Bc4 37. Qxh5 Bf6 38. Qf5 Bb2+ 39. Kd2
Bxa3 40. c3 Bb2 41. h5 Bxc3+ 42. Kc2 Bxb4 43. h6 Ndc5 44. Qe5+ Kc6 45. h7 Bd3+
46. Kc1 Nb3+ 47. Kd1 Nc3+ 48. Ke1 Nxe4+ 49. Kd1 Nf2# 0-1

[Event "PRO League Atlantic 2017"]
[Site "chess.com INT"]
[Date "2017.01.18"]
[Round "2"]
[White "Mareco, Sandro"]
[Black "Leskovar, Matias"]
[Result "1-0"]
[WhiteTitle "GM"]
[BlackTitle "FM"]
[WhiteElo "2645"]
[BlackElo "2306"]
[WhiteTeam "Buenos Aires Krakens"]
[BlackTeam "Patagonia Penguins"]
[WhiteFideId "112275"]
[BlackFideId "106844"]
[EventDate "2017.01.11"]

1. c4 Nf6 2. Nf3 e6 3. g3 d5 4. Bg2 Be7 5. O-O O-O 6. d4 c6 7. Qc2 Nbd7 8. Nbd2
b6 9. e4 dxe4 10. Nxe4 Bb7 11. Rd1 Nxe4 12. Qxe4 Nf6 13. Qe2 Qc8 14. Bf4 Rd8 15.
Rac1 Bd6 16. Bxd6 Rxd6 17. c5 Rd8 18. Ne5 Nd5 19. Be4 Qc7 20. a3 g6 21. h4 f6
22. cxb6 axb6 23. Nxc6 Bxc6 24. Bxd5 exd5 25. Qe6+ Qf7 26. Rxc6 1-0

[Event "PRO League Atlantic 2017"]
[Site "chess.com INT"]
[Date "2017.01.18"]
[Round "2"]
[White "Mareco, Sandro"]
[Black "Iglesias, Jorge"]
[Result "1-0"]
[WhiteTitle "GM"]
[WhiteElo "2645"]
[BlackElo "2283"]
[WhiteTeam "Buenos Aires Krakens"]
[BlackTeam "Patagonia Penguins"]
[WhiteFideId "112275"]
[BlackFideId "106461"]
[EventDate "2017.01.11"]

1. Nf3 d5 2. c4 d4 3. b4 f6 4. e3 e5 5. c5 a5 6. Qa4+ Bd7 7. b5 Bxc5 8. Bc4 Qe7
9. O-O dxe3 10. fxe3 e4 11. Nd4 Nh6 12. Nc3 Qe5 13. Nb3 Bb4 14. Bb2 Ng4 15. Rf4
f5 16. Rb1 Nf6 17. Nxe4 Qe7 18. Bxf6 gxf6 19. Ng3 Kd8 20. Nd4 Bxd2 21. Ndxf5 Qc5
22. Rd1 Bxe3+ 23. Nxe3 Qxe3+ 24. Rf2 Kc8 25. Qc2 Bg4 26. Rd3 Qe1+ 27. Rf1 Qe7
28. h3 Bd7 29. Qf2 h5 30. Qxf6 Qxf6 31. Rxf6 h4 32. Ne4 b6 33. Rf7 Ra7 34. Nf6
Bf5 35. Rf3 Bg6 36. Rg7 Bc2 37. Be6+ Kb7 38. Rc3 1-0

[Event "PRO League Atlantic 2017"]
[Site "chess.com INT"]
[Date "2017.01.18"]
[Round "2"]
[White "Erenburg, Sergey"]
[Black "Francisco, Richard"]
[Result "0-1"]
[WhiteTitle "GM"]
[WhiteElo "2570"]
[BlackElo "2273"]
[WhiteTeam "Philadelphia Inventors"]
[BlackTeam "Atlanta Kings"]
[WhiteFideId "2805642"]
[BlackFideId "2021188"]
[EventDate "2017.01.11"]

1. e4 e5 2. Nf3 Nc6 3. Bb5 a6 4. Ba4 Nf6 5. O-O b5 6. Bb3 Bb7 7. d3 Bd6 8. a4 h6
9. Nc3 b4 10. Ne2 O-O 11. Ng3 Re8 12. Nf5 Bf8 13. a5 d5 14. Qe2 Qd7 15. h3 dxe4
16. dxe4 Nd4 17. N5xd4 exd4 18. e5 c5 19. Re1 Nd5 20. Bd2 Bc6 21. Bc4 Qb7 22.
Qd3 Nc7 23. Nh4 Ne6 24. Nf5 Kh8 25. Qg3 Bd5 26. Be2 c4 27. Rad1 Be4 28. Nd6 Bxd6
29. exd6 c3 30. bxc3 bxc3 31. Bf4 Rad8 32. Bxa6 Qc6 33. Bb5 Qxb5 34. Rxe4 Qxa5
35. Be5 Qd5 36. Rh4 Kh7 37. Bxd4 Qxd6 38. Qxc3 Nf4 39. Kf1 Qa6+ 0-1

[Event "PRO League Atlantic 2017"]
[Site "chess.com INT"]
[Date "2017.01.18"]
[Round "2"]
[White "Erenburg, Sergey"]
[Black "Gurevich, Daniel"]
[Result "1/2-1/2"]
[WhiteTitle "GM"]
[BlackTitle "IM"]
[WhiteElo "2570"]
[BlackElo "2455"]
[WhiteTeam "Philadelphia Inventors"]
[BlackTeam "Atlanta Kings"]
[WhiteFideId "2805642"]
[BlackFideId "2044676"]
[EventDate "2017.01.11"]

1. e4 c6 2. d4 d5 3. e5 Bf5 4. Nf3 e6 5. Be2 Nd7 6. O-O Ne7 7. Nbd2 h6 8. Nb3 g5
9. a4 Bg7 10. a5 Qc7 11. c4 dxc4 12. Bxc4 Nd5 13. Bd3 Bxd3 14. Qxd3 c5 15. Nxc5
Nxc5 16. dxc5 Qxc5 17. Bd2 O-O 18. Rfc1 Qe7 19. Rc4 Rfd8 20. Qe4 Rac8 21. Rxc8
Rxc8 22. h4 gxh4 23. Nxh4 Qc7 24. Rc1 Qd8 25. Rxc8 Qxc8 26. Nf5 exf5 27. Qxd5 a6
28. Bc3 Qc6 29. Qxc6 bxc6 30. Kf1 Kf8 31. Ke2 Ke7 32. Kd3 Ke6 33. Kc4 Bf8 34.
Bd4 f4 35. f3 Be7 36. b4 h5 37. Bc5 Bh4 38. Bd6 Bf2 39. Bc5 Be3 40. Bd4 Bd2 41.
Kc5 Be3 42. Kc4 Bd2 43. Bb2 Be3 44. Bc3 Kd7 45. Kd3 Ke6 46. Ke4 Bc1 47. Be1 Bb2
48. Kxf4 Bxe5+ 49. Kg5 Kd5 50. Kxh5 Kc4 51. Kg5 Bc3 52. Bxc3 Kxc3 53. Kf6 Kxb4
54. Kxf7 c5 55. g4 c4 56. g5 c3 57. g6 c2 58. g7 c1=Q 59. g8=Q Qc4+ 60. Kg7 Qc3+
61. Kh6 Qf6+ 62. Qg6 Qh4+ 63. Qh5 Qf6+ 64. Kh7 Qe7+ 65. Kg8 Qd8+ 66. Kg7 Qe7+
67. Qf7 Qg5+ 68. Kf8 Kxa5 69. f4 Qh6+ 70. Ke7 Kb4 71. f5 a5 72. f6 a4 73. Qd5
Qh4 74. Qb7+ Kc3 75. Qc6+ Kb3 76. Qd5+ Kb2 77. Qb5+ Kc3 78. Qa5+ Kb3 79. Qd5+
Kc3 80. Qf3+ Kb2 81. Ke8 a3 82. f7 Qh8+ 83. f8=Q Qxf8+ 84. Kxf8 a2 85. Qe2+ Kb1
86. Qd3+ Kb2 87. Qd2+ Kb1 88. Qb4+ Ka1 89. Qc3+ Kb1 90. Qb3+ Ka1 91. Qc2 1/2-1/2

[Event "PRO League Atlantic 2017"]
[Site "chess.com INT"]
[Date "2017.01.18"]
[Round "2"]
[White "Gurevich, Daniel"]
[Black "Bartell, Thomas"]
[Result "0-1"]
[WhiteTitle "IM"]
[BlackTitle "IM"]
[WhiteElo "2455"]
[BlackElo "2345"]
[WhiteTeam "Atlanta Kings"]
[BlackTeam "Philadelphia Inventors"]
[WhiteFideId "2044676"]
[BlackFideId "2017849"]
[EventDate "2017.01.11"]

1. e4 c6 2. d4 d5 3. Nd2 dxe4 4. Nxe4 Bf5 5. Ng3 Bg6 6. Nf3 Nd7 7. h4 h6 8. h5
Bh7 9. Bd3 Bxd3 10. Qxd3 e6 11. Bd2 Ngf6 12. O-O-O Be7 13. Ne4 Nxe4 14. Qxe4 Nf6
15. Qd3 O-O 16. Ne5 Qd5 17. c4 Qe4 18. Qg3 Qh7 19. f3 Rfd8 20. Bc3 c5 21. dxc5
Bxc5 22. b4 Be3+ 23. Kb2 Qf5 24. Nxf7 Rxd1 25. Rxd1 Kxf7 26. Qc7+ Kg8 27. Qxb7
Rf8 28. g4 Qf4 29. Qc6 Kh8 30. Qd6 Qxd6 31. Rxd6 Re8 32. c5 Kg8 33. Be5 Nd5 34.
c6 Bb6 35. a4 Re7 36. Rd7 Rxd7 37. cxd7 Nxb4 38. Bd4 Bxd4+ 39. Kb3 Nc6 0-1

[Event "PRO League Atlantic 2017"]
[Site "chess.com INT"]
[Date "2017.01.18"]
[Round "2"]
[White "Gurevich, Daniel"]
[Black "Vovk, Andriy"]
[Result "0-1"]
[WhiteTitle "IM"]
[BlackTitle "GM"]
[WhiteElo "2455"]
[BlackElo "2633"]
[WhiteTeam "Atlanta Kings"]
[BlackTeam "Philadelphia Inventors"]
[WhiteFideId "2044676"]
[BlackFideId "14114470"]
[EventDate "2017.01.11"]

1. e4 c5 2. Nf3 e6 3. d4 cxd4 4. Nxd4 Nc6 5. Nc3 Qc7 6. Be3 a6 7. Be2 b5 8. Nxc6
Qxc6 9. Bf3 Bb7 10. e5 Qc7 11. Bxb7 Qxb7 12. O-O Rc8 13. Qd3 Ne7 14. Rad1 Nf5
15. Ne4 Be7 16. Bg5 Bxg5 17. Nxg5 O-O 18. c3 h6 19. Ne4 Rfd8 20. g4 Rc4 21. Rfe1
Nh4 22. b3 Rc7 23. Qg3 Ng6 24. Rd3 Qb6 25. Red1 Qa5 26. f4 Qxa2 27. f5 Nf8 28.
Qh4 Rdc8 29. Rf1 Qe2 30. Nf6+ Kh8 31. g5 Qxd3 32. gxh6 Qe3+ 33. Kh1 Qxh6 34. Nh5
exf5 35. Rg1 Ng6 0-1

[Event "PRO League Atlantic 2017"]
[Site "chess.com INT"]
[Date "2017.01.18"]
[Round "2"]
[White "Rozman, Levy"]
[Black "Benjamin, Joel"]
[Result "0-1"]
[WhiteTitle "FM"]
[BlackTitle "GM"]
[WhiteElo "2404"]
[BlackElo "2544"]
[WhiteTeam "Montclair Sopranos"]
[BlackTeam "New Jersey Knockouts"]
[WhiteFideId "2039877"]
[BlackFideId "2000091"]
[EventDate "2017.01.11"]

1. d4 Nf6 2. Bg5 e6 3. Nd2 c5 4. e3 d5 5. c3 Be7 6. Bd3 O-O 7. Bxf6 Bxf6 8. f4
b6 9. Ngf3 Ba6 10. Qe2 Bxd3 11. Qxd3 Nc6 12. h4 cxd4 13. exd4 Qd6 14. Ng5 g6 15.
Qg3 Bg7 16. Qg4 Ne7 17. h5 h6 18. Ngf3 f5 19. Qg3 g5 20. Ne5 g4 21. Qe3 Nc6 22.
Nd3 b5 23. Kf2 b4 24. Rhe1 Rfe8 25. Nb3 bxc3 26. bxc3 Qe7 27. g3 Qf7 28. Ne5
Nxe5 29. fxe5 Rf8 30. Nc5 Rfc8 31. Rab1 Rab8 32. Kg2 Rb6 33. Qd3 Qe8 34. a4 Bf8
35. Qe3 Bxc5 36. dxc5 Rxb1 37. Rxb1 Qxh5 38. Rb7 Qh3+ 39. Kg1 f4 40. Qf2 Rf8 41.
gxf4 g3 42. Qf3 Qh2+ 43. Kf1 Rxf4 44. Rb8+ Kg7 45. Rb7+ Kg6 46. Qxf4 g2+ 47. Kf2
g1=Q+ 0-1

[Event "PRO League Atlantic 2017"]
[Site "chess.com INT"]
[Date "2017.01.18"]
[Round "2"]
[White "Rozman, Levy"]
[Black "Balakrishnan, Praveen"]
[Result "1-0"]
[WhiteTitle "FM"]
[BlackTitle "FM"]
[WhiteElo "2404"]
[BlackElo "2465"]
[WhiteTeam "Montclair Sopranos"]
[BlackTeam "New Jersey Knockouts"]
[WhiteFideId "2039877"]
[BlackFideId "2064871"]
[EventDate "2017.01.11"]

1. d4 Nf6 2. Bf4 g6 3. e3 Bg7 4. Nf3 O-O 5. Be2 d6 6. h3 b6 7. O-O Bb7 8. a4 a6
9. Nbd2 c5 10. c3 Nbd7 11. Qb3 Ne4 12. Nxe4 Bxe4 13. Ng5 Bc6 14. d5 Bb7 15. c4
a5 16. h4 Nf6 17. Rad1 Bc8 18. Qd3 Bd7 19. b3 h6 20. Ne4 Nxe4 21. Qxe4 Bf5 22.
Qf3 Bc2 23. Bd3 Bxd1 24. Rxd1 Qe8 25. Qg3 f5 26. e4 e5 27. dxe6 Qxe6 28. Bxd6
Rfd8 29. e5 Bf8 30. Bc2 Bxd6 31. exd6 Ra7 32. h5 Rad7 33. Rd5 Rxd6 34. Bxf5 Qf6
35. Bxg6 Kh8 36. Be4 Rxd5 37. Bxd5 Re8 38. Kh2 Qe5 39. Qxe5+ Rxe5 40. g4 Kg7 41.
Kg3 Kf6 42. Kf3 Re1 43. Be4 Rc1 44. Bc6 Rc3+ 45. Ke4 Rxb3 46. f4 Rg3 47. Bd7 Rc3
48. Kd5 Rf3 49. Ke4 Rc3 50. Kd5 Rc1 51. g5+ hxg5 52. fxg5+ Kxg5 53. Bb5 Kxh5 54.
Kc6 Kg5 55. Kxb6 Kf6 56. Kxa5 Ke6 57. Kb6 Ra1 58. a5 Kd6 59. a6 Rh1 60. a7 Rh8
61. Bc6 Rh1 62. Bxh1 1-0